Statistics for Liga NOS (Portugal) Teams Quiz

Click here to take the quiz!

General Stats

  • This quiz has been taken 235 times
  • The average score is 10 of 18

Answer Stats

Answer% Correct
FC Porto
99%
SL Benfica
99%
SC Braga
85%
Sporting CP
75%
Vitória de Guimarães
60%
Boavista FC
57%
FC Arouca
56%
CS Maritimo
55%
CD Santa Clara
54%
GD Estoril-Praia
50%
Portimonense SC
49%
FC Famalicão
48%
Belenenses SAD
46%
FC Pacos de Ferreira
45%
FC Vizela
45%
CD Tondela
36%
Moreirense FC
11%
Gil Vincente FC
7%

Score Distribution

Percentile by Number Answered

Percent of People with Each Score

Your Score History

You have not taken this quiz